000 00824 a2200217 4500
005 20080826172456.0
008 080826t xxu||||| |||| 00| 0 eng d
010 _aENG-87245
020 _a817824182X
_c695.00
035 _aEN-70778
037 _bDBAD / PUB
082 _a305.42
100 _aKosambi, Meera
245 _aCrossing thresholds
_bfeminist essays in social history
_cby Meera Kosambi
260 _aRanikhet
_bPermanent Black
_c2007
270 _a`Himalayana', Mall Road, Ranikhet Cantt.,
_bRanikhet
_e263 645
300 _axvii, 397p.
_c21cm (Hb )
500 _aIncludes index
942 _adpl
_cEN
_k305.42 / KOS
_2ddc
_h305.42
_mKOS
999 _c6279
_d6279